| 000 | 00578nam a2200169 a 4500 | ||
|---|---|---|---|
| 001 | 000039660 | ||
| 005 | 20201002033650.0 | ||
| 008 | 130715s2002 xxu 000 0 spa d | ||
| 020 | _a0826213634 | ||
| 040 |
_aDO-SdBNP _bspa _cBNPHU |
||
| 100 | 1 |
_aCollins, Marsha S. _965850 |
|
| 245 | 1 | 0 |
_aThe soledades, Góngora´s Masque of the imagination / _cMarsha S. Collins. |
| 260 |
_aUnited States of America : _bUniversity of Missouri, _c2002. |
||
| 300 |
_a270 p. ; _c25 cm. |
||
| 500 | _aIncluye datos biográficos de la autora en las solapas | ||
| 504 | _aBibliografía : p. 249-265 | ||
| 999 |
_c39150 _d39150 |
||